[Event "Gibraltar Masters 2019"]
[Site "Caleta ENG"]
[Date "2019.01.30"]
[Round "9"]
[White "Saric, Ivan"]
[Black "Aronian, Levon"]
[Result "1/2-1/2"]
[WhiteElo "2690"]
[BlackElo "2767"]
[PlyCount "119"]
[EventDate "2019.01.22"]

1. e4 e5 2. Nf3 Nc6 3. Bc4 Bc5 4. Nc3 Nf6 5. d3 d6 6. Na4 Bb6 7. a3 O-O 8. O-O
Kh8 9. Nxb6 axb6 10. Ng5 Qe7 11. f4 h6 12. Nf3 Bg4 13. h3 Bxf3 14. Qxf3 b5 15.
Ba2 b4 16. Qf2 exf4 17. Qxf4 Nd7 18. Bd5 Nb6 19. Be3 bxa3 20. Bxb6 axb2 21.
Rab1 cxb6 22. Rxb2 Rac8 23. Rxb6 Nd4 24. Kh2 Rxc2 25. Qxd6 Qxd6+ 26. Rxd6 f6
27. Bxb7 Rb8 28. Rb6 Rc3 29. Rd1 Nb3 30. Rb1 Nc5 31. d4 Nxb7 32. Rxb7 Rxb7 33.
Rxb7 Re3 34. Rb8+ Kh7 35. Re8 Rd3 36. d5 f5 37. exf5 Rxd5 38. g4 Rd2+ 39. Kg3
Rd3+ 40. Kg2 Rd2+ 41. Kf3 Rd1 42. Re7 Kg8 43. Kg3 Rd3+ 44. Kh4 Rd5 45. Kh5 Kh7
46. Kh4 Kg8 47. Kg3 Rd3+ 48. Kg2 Rd2+ 49. Kf3 Rd1 50. h4 h5 51. gxh5 Rf1+ 52.
Kg4 Rg1+ 53. Kf4 Rf1+ 54. Ke5 Re1+ 55. Kd6 Rd1+ 56. Ke6 Re1+ 57. Kd7 Rd1+ 58.
Ke8 Rd5 59. h6 Rxf5 60. Rxg7+ 1/2-1/2

[Event "Gibraltar Masters 2019"]
[Site "Caleta ENG"]
[Date "2019.01.30"]
[Round "9"]
[White "Yu, Yangyi"]
[Black "Le, Quang Liem"]
[Result "1-0"]
[WhiteElo "2764"]
[BlackElo "2714"]
[PlyCount "81"]
[EventDate "2019.01.22"]

1. d4 Nf6 2. c4 e6 3. g3 Bb4+ 4. Bd2 Be7 5. Bg2 d5 6. Nf3 O-O 7. O-O Nbd7 8. a4
a5 9. Qc2 Ne4 10. Be3 c6 11. Na3 f5 12. Ne1 Bf6 13. Nd3 Kh8 14. Rae1 Re8 15.
Rc1 c5 16. Nxc5 Nexc5 17. dxc5 d4 18. Bd2 Nxc5 19. b4 d3 20. exd3 Nxd3 21. Rb1
axb4 22. Bxb4 e5 23. Rfd1 e4 24. Bf1 Qd7 25. Nb5 Nxb4 26. Rxb4 Qe7 27. Nd6 Rf8
28. c5 h5 29. Bc4 Ra5 30. Bd5 Qc7 31. Nxb7 Bxb7 32. Rxb7 Qxc5 33. Qe2 g6 34.
Bf7 f4 35. Bxg6 Bg7 36. Bxe4 fxg3 37. hxg3 Re8 38. Rdd7 Rxa4 39. Rxg7 Rexe4 40.
Rh7+ Kg8 41. Rbg7+ 1-0

[Event "Gibraltar Masters 2019"]
[Site "Caleta ENG"]
[Date "2019.01.30"]
[Round "9"]
[White "Howell, David W L"]
[Black "Nakamura, Hikaru"]
[Result "1/2-1/2"]
[WhiteElo "2685"]
[BlackElo "2749"]
[PlyCount "60"]
[EventDate "2019.01.22"]

1. c4 Nf6 2. Nc3 e6 3. e4 d5 4. cxd5 exd5 5. e5 Ne4 6. Nf3 Bf5 7. d4 Bb4 8. Bd2
Bxc3 9. Bxc3 O-O 10. Be2 b6 11. O-O c5 12. Nd2 Nc6 13. Nxe4 Bxe4 14. f3 Bg6 15.
f4 Be4 16. Bf3 cxd4 17. Bxd4 Bxf3 18. Rxf3 Nxd4 19. Qxd4 Rc8 20. Qd2 Qe7 21.
Rd3 Qc5+ 22. Kh1 Rfd8 23. Rd1 Qc2 24. g3 Qxd2 25. R1xd2 Kf8 26. Kg2 Ke7 27. f5
g6 28. g4 d4 29. Kf3 gxf5 30. gxf5 Rc5 1/2-1/2

[Event "Gibraltar Masters 2019"]
[Site "Caleta ENG"]
[Date "2019.01.30"]
[Round "9"]
[White "Anton Guijarro, David"]
[Black "Vitiugov, Nikita"]
[Result "1/2-1/2"]
[WhiteElo "2642"]
[BlackElo "2720"]
[PlyCount "51"]
[EventDate "2019.01.22"]

1. e4 e5 2. Nf3 Nc6 3. Bc4 Bc5 4. d3 Nf6 5. Nc3 a6 6. a4 d6 7. h3 h6 8. Ne2 Ne7
9. O-O Ng6 10. c3 O-O 11. Ng3 Ba7 12. Bb3 Re8 13. Re1 Be6 14. Bxe6 Rxe6 15. c4
c6 16. a5 d5 17. Qc2 Qd7 18. c5 Rd8 19. Be3 Bb8 20. Rad1 Bc7 21. b4 Ree8 22.
Bc1 Qe6 23. Nf5 Ne7 24. Ng3 Ng6 25. Kh2 Rd7 26. Kg1 1/2-1/2

[Event "Gibraltar Masters 2019"]
[Site "Caleta ENG"]
[Date "2019.01.30"]
[Round "9"]
[White "Lalith, Babu M R"]
[Black "So, Wesley"]
[Result "1/2-1/2"]
[WhiteElo "2547"]
[BlackElo "2765"]
[PlyCount "143"]
[EventDate "2019.01.22"]

1. d4 d5 2. Nf3 Nf6 3. c4 e6 4. g3 Bb4+ 5. Bd2 Be7 6. Bg2 O-O 7. O-O c6 8. Qc2
Nbd7 9. Rd1 b6 10. Nc3 dxc4 11. Ne5 Nxe5 12. dxe5 Nd5 13. Ne4 Ba6 14. Nd6 b5
15. b3 Bxd6 16. exd6 Qxd6 17. e4 Nb4 18. Qc3 Nd3 19. Qa5 c5 20. bxc4 bxc4 21.
e5 Qb6 22. Bxa8 Rxa8 23. Qxb6 axb6 24. a4 Nxe5 25. Bc3 Nd3 26. Rab1 Rb8 27. Ba5
g5 28. Rd2 b5 29. axb5 Rxb5 30. Rxb5 Bxb5 31. Bc3 Bc6 32. Ra2 h6 33. Ra7 Bf3
34. Kf1 e5 35. Re7 f6 36. Rc7 h5 37. Bd2 h4 38. gxh4 gxh4 39. Be3 c3 40. Bxc5
c2 41. Ba3 Bd1 42. f3 h3 43. Rc3 Nf4 44. Bc1 Ne6 45. Kf2 Kf7 46. Rc6 Nd4 47.
Rc7+ Kg6 48. Rc3 Ne6 49. Rc4 Kf5 50. Be3 Kg6 51. Bc1 Kf7 52. Ke3 Ke7 53. Ke4
Kd6 54. Ba3+ Kd7 55. Bc1 Kd6 56. Ba3+ Kd7 57. Bc1 Nd4 58. Rxd4+ exd4 59. f4 f5+
60. Kxd4 Bf3 61. Ke3 Be4 62. Ba3 Kc6 63. Bc1 Kd5 64. Bb2 Kc4 65. Bc1 Kc3 66.
Ba3 Bc6 67. Bc1 Kb3 68. Kd4 Ka2 69. Kc3 Ba4 70. Kd2 Kb3 71. Ke3 Kb4 72. Kd3
1/2-1/2

[Event "Gibraltar Masters 2019"]
[Site "Caleta ENG"]
[Date "2019.01.30"]
[Round "9"]
[White "Naiditsch, Arkadij"]
[Black "Deac, Bogdan-Daniel"]
[Result "1/2-1/2"]
[WhiteElo "2734"]
[BlackElo "2603"]
[PlyCount "87"]
[EventDate "2019.01.22"]

1. e4 e5 2. Nf3 Nc6 3. Bb5 Nf6 4. O-O Nxe4 5. d4 Nd6 6. Bxc6 dxc6 7. dxe5 Nf5
8. Qxd8+ Kxd8 9. h3 Ke8 10. Nc3 h5 11. Ne2 b6 12. Bf4 c5 13. Rad1 Be7 14. Nc3
Be6 15. Nd5 Bd8 16. Bg5 c6 17. Nf4 Nd4 18. Bxd8 Rxd8 19. Ng5 Bc4 20. Rfe1 Ke7
21. b3 Ne6 22. Nfxe6 Bxe6 23. Rd6 Bf5 24. Rxc6 Rc8 25. Rxc8 Rxc8 26. Re2 Rd8
27. f3 Rd1+ 28. Kf2 Rc1 29. c4 Rd1 30. g4 hxg4 31. hxg4 Bb1 32. Nh3 Rd4 33. Kg3
Bd3 34. Re1 b5 35. cxb5 Bxb5 36. Ng5 c4 37. Ne4 cxb3 38. axb3 Bc6 39. Nc5 Rd5
40. Na6 Rd3 41. Rc1 Rxf3+ 42. Kh4 Bb5 43. Ra1 Bxa6 44. Rxa6 1/2-1/2

[Event "Gibraltar Masters 2019"]
[Site "Caleta ENG"]
[Date "2019.01.30"]
[Round "9"]
[White "Koneru, Humpy"]
[Black "Ivanchuk, Vassily"]
[Result "1/2-1/2"]
[WhiteElo "2541"]
[BlackElo "2713"]
[PlyCount "60"]
[EventDate "2019.01.22"]

1. d4 d5 2. c4 c6 3. Nf3 Nf6 4. e3 Bg4 5. Bd3 e6 6. Nbd2 Nbd7 7. O-O Be7 8. b3
O-O 9. Bb2 Bh5 10. Qc2 Bg6 11. Rfd1 Qc7 12. h3 Rfe8 13. Bxg6 hxg6 14. e4 dxe4
15. Nxe4 Nxe4 16. Qxe4 Rad8 17. Rd2 Qa5 18. Qc2 Qf5 19. Rad1 a6 20. Qc3 Nf6 21.
Re2 Nd7 22. Bc1 Qh5 23. Bb2 Nf8 24. Qe1 f6 25. h4 Qf5 26. Bc3 Qf4 27. Bb4 Bxb4
28. Qxb4 e5 29. Qxb7 Qg4 30. Red2 e4 1/2-1/2

[Event "Gibraltar Masters 2019"]
[Site "Caleta ENG"]
[Date "2019.01.30"]
[Round "9"]
[White "Ernst, Sipke"]
[Black "Mamedov, Rauf"]
[Result "0-1"]
[WhiteElo "2540"]
[BlackElo "2703"]
[PlyCount "76"]
[EventDate "2019.01.22"]

1. d4 g6 2. c4 Bg7 3. e4 c5 4. d5 d6 5. Nc3 e6 6. Bd3 exd5 7. cxd5 a6 8. a4 Ne7
9. h4 h6 10. Bf4 Qc7 11. Qc1 Nd7 12. Nf3 f6 13. O-O g5 14. Bg3 Ng6 15. e5 Ngxe5
16. Nxe5 Nxe5 17. Bxe5 fxe5 18. Bg6+ Kd8 19. Ne4 gxh4 20. f4 h3 21. f5 hxg2 22.
Rf3 b5 23. Qe1 Bb7 24. Qh4+ Kc8 25. f6 Bf8 26. Bf5+ Kb8 27. Be6 bxa4 28. Nd2 c4
29. Qxc4 Qb6+ 30. Kxg2 Ka7 31. Rxa4 Rc8 32. Bxc8 Rg8+ 33. Kf1 Qg1+ 34. Ke2 Rg2+
35. Kd3 Qd1 36. Rxa6+ Kb8 37. Qb4 Kxc8 38. Ke4 Rg4+ 0-1

[Event "Gibraltar Masters 2019"]
[Site "Caleta ENG"]
[Date "2019.01.31"]
[Round "10"]
[White "Yu, Yangyi"]
[Black "Artemiev, Vladislav"]
[Result "0-1"]
[WhiteElo "2764"]
[BlackElo "2709"]
[PlyCount "104"]
[EventDate "2019.01.22"]

1. e4 c6 2. d4 d5 3. e5 Bf5 4. Nf3 e6 5. Be2 Nd7 6. O-O Bg6 7. c3 Nh6 8. a4 a5
9. Na3 Be7 10. Nc2 O-O 11. Nce1 c5 12. Bxh6 gxh6 13. Bb5 cxd4 14. cxd4 Nb8 15.
Qd2 Kg7 16. Nd3 Na6 17. Nf4 Qb6 18. h4 Rfc8 19. Rfc1 Rxc1+ 20. Rxc1 Nb4 21. g3
Na2 22. Rd1 Rc8 23. Nh2 Qc7 24. Bd3 h5 25. g4 Nb4 26. Bxg6 hxg6 27. gxh5 Qc2
28. hxg6 Qf5 29. Qe3 fxg6 30. Qg3 Rf8 31. Ng2 Qc2 32. Ne3 Qe4 33. Neg4 Nc6 34.
Qe3 Rf4 35. Nf6 Bxf6 36. exf6+ Kxf6 37. Qxe4 Rxe4 38. Nf3 Ne7 39. Kg2 Nf5 40.
Rd3 Nxh4+ 41. Nxh4 Rxh4 42. Kg3 g5 43. Kg2 Re4 44. Kg3 Kf5 45. Kg2 g4 46. Kf1
b6 47. Kg2 Re1 48. b3 Ke4 49. Rd2 Rb1 50. Kg3 Kf5 51. Rd3 Rh1 52. Kg2 Rh3 0-1

[Event "Gibraltar Masters 2019"]
[Site "Caleta ENG"]
[Date "2019.01.31"]
[Round "10"]
[White "Karthikeyan, Murali"]
[Black "Vachier-Lagrave, Maxime"]
[Result "1-0"]
[WhiteElo "2570"]
[BlackElo "2780"]
[PlyCount "91"]
[EventDate "2019.01.22"]

1. e4 c5 2. Nf3 d6 3. d4 cxd4 4. Nxd4 Nf6 5. Nc3 a6 6. Be3 Ng4 7. Bg5 h6 8. Bh4
g5 9. Bg3 Bg7 10. Be2 h5 11. h4 Nc6 12. Nf3 gxh4 13. Bxh4 Qa5 14. Qd2 Be6 15.
Rd1 Rc8 16. O-O Rg8 17. Nd5 Qxd2 18. Rxd2 Bh6 19. Rdd1 f6 20. c3 Bg5 21. Bg3
Bh6 22. Nh4 Kf7 23. Nf5 Bxf5 24. exf5 Rg5 25. Bc4 Na5 26. Bd3 Rcg8 27. Bf4 R5g7
28. Rfe1 Nc6 29. Be4 h4 30. f3 Bxf4 31. Nxf4 Nge5 32. Bd5+ Ke8 33. Bxg8 Nxf3+
34. Kf2 Nxe1 35. Bd5 Rg5 36. Kxe1 Rxf5 37. Ng6 Rh5 38. Rd3 Rh6 39. Nf4 e5 40.
Ne6 Ne7 41. Bxb7 Kd7 42. Nf8+ Kc7 43. Bxa6 d5 44. c4 f5 45. Bb5 f4 46. Ra3 1-0

[Event "Gibraltar Masters 2019"]
[Site "Caleta ENG"]
[Date "2019.01.31"]
[Round "10"]
[White "Aronian, Levon"]
[Black "Howell, David W L"]
[Result "0-1"]
[WhiteElo "2767"]
[BlackElo "2685"]
[PlyCount "58"]
[EventDate "2019.01.22"]

1. e4 c6 2. d4 d5 3. exd5 cxd5 4. Bd3 Nc6 5. c3 Qc7 6. h3 g6 7. Qc2 f6 8. Ne2
e5 9. O-O Nge7 10. dxe5 fxe5 11. c4 e4 12. Bxe4 dxe4 13. Nbc3 Bg7 14. Nd5 Qd6
15. Bf4 Be5 16. Rad1 Bxf4 17. Ndxf4 Qe5 18. b4 Nxb4 19. Qb3 Nbc6 20. c5 Qxc5
21. Nc3 Qb4 22. Qc2 O-O 23. Ncd5 Nxd5 24. Nxd5 Qa3 25. Rfe1 Bf5 26. Re3 Qa5 27.
Qc4 Rf7 28. Nf6+ Kg7 29. Rd5 Be6 0-1

[Event "Gibraltar Masters 2019"]
[Site "Caleta ENG"]
[Date "2019.01.31"]
[Round "10"]
[White "Nakamura, Hikaru"]
[Black "Grandelius, Nils"]
[Result "1/2-1/2"]
[WhiteElo "2749"]
[BlackElo "2682"]
[PlyCount "90"]
[EventDate "2019.01.22"]

1. e4 c5 2. Nf3 d6 3. d4 cxd4 4. Nxd4 Nf6 5. Nc3 a6 6. Be3 Ng4 7. Bc1 Nf6 8. f3
e5 9. Nb3 Be6 10. Be3 Nc6 11. Qd2 d5 12. exd5 Nxd5 13. Nxd5 Qxd5 14. Qxd5 Bxd5
15. O-O-O O-O-O 16. Bd3 Kc7 17. a3 Be7 18. Rhe1 h6 19. Bf2 Bxb3 20. cxb3 Rd7
21. h4 Rhd8 22. Bc4 Rxd1+ 23. Rxd1 Rxd1+ 24. Kxd1 f5 25. b4 Nd4 26. Bd5 Bf6 27.
Kd2 Nc6 28. b3 Kd6 29. Bc4 Nd4 30. h5 Bg5+ 31. Kd1 Kc6 32. Bf7 Kd6 33. a4 Kc6
34. Bg6 Kd5 35. Bf7+ Kc6 36. Be1 Kd6 37. Bc3 Kc6 38. Ke1 Be3 39. Bg6 Kd5 40. g4
Nxf3+ 41. Ke2 Bd4 42. Kxf3 fxg4+ 43. Kxg4 Bxc3 44. Kf3 Bxb4 45. Be4+ Ke6
1/2-1/2

[Event "Gibraltar Masters 2019"]
[Site "Caleta ENG"]
[Date "2019.01.31"]
[Round "10"]
[White "Navara, David"]
[Black "Melkumyan, Hrant"]
[Result "1/2-1/2"]
[WhiteElo "2738"]
[BlackElo "2660"]
[PlyCount "183"]
[EventDate "2019.01.22"]

1. e4 e5 2. Nf3 Nf6 3. Nxe5 d6 4. Nf3 Nxe4 5. Nc3 Nxc3 6. dxc3 Be7 7. Bf4 Nc6
8. Qd2 Be6 9. O-O-O Qd7 10. Ng5 Bxg5 11. Bxg5 f6 12. Be3 O-O-O 13. b3 Rde8 14.
f3 h5 15. h4 Bf5 16. Bf2 Re7 17. Be2 Rhe8 18. Rde1 Kb8 19. Bd1 Rxe1 20. Bxe1
Re7 21. Bf2 Ne5 22. Rg1 b6 23. c4 Re8 24. Bd4 Re7 25. Bc3 Re8 26. Kb2 Re7 27.
Qf4 Ng6 28. Qd4 Be6 29. g4 hxg4 30. h5 Ne5 31. fxg4 Qe8 32. g5 fxg5 33. Rxg5
Qf8 34. Qg1 Nf3 35. Qf2 Rf7 36. Rg3 Ne5 37. Qe3 Bf5 38. c5 bxc5 39. Bxe5 dxe5
40. Qxe5 Qd8 41. Rc3 Qe7 42. Rxc5 Qxe5+ 43. Rxe5 Bd7 44. Be2 Rf5 45. Re7 Bb5
46. c4 Bc6 47. Kc3 Rg5 48. Kd4 Kc8 49. Re6 Kd7 50. Rg6 Rxg6 51. hxg6 a5 52. Ke5
Ke7 53. Bd3 Be8 54. Kd5 Kf6 55. c5 Bd7 56. c6 Be6+ 57. Kc5 Ke5 58. Bc2 Bg4 59.
a3 Be2 60. b4 axb4 61. axb4 Bf1 62. b5 Bg2 63. Bb3 Be4 64. Bf7 Kf6 65. Kc4 Ke7
66. Kd4 Bf5 67. Ke5 Bd3 68. b6 cxb6 69. Be6 Ba6 70. Bf5 Bb5 71. c7 Bd7 72. Bd3
Bg4 73. Ba6 Be6 74. Bb5 Bc8 75. Kd5 Bb7+ 76. Bc6 Ba6 77. Ke5 Bc8 78. Bb5 Be6
79. Ba6 Bh3 80. Kd5 Bg2+ 81. Kd4 Bh3 82. Ke5 Be6 83. c8=N+ Bxc8 84. Bxc8 b5 85.
Bf5 b4 86. Be6 b3 87. Bxb3 Kf8 88. Kd6 Ke8 89. Bg8 Kf8 90. Kd7 Kxg8 91. Ke8 Kh8
92. Kf8 1/2-1/2

[Event "Gibraltar Masters 2019"]
[Site "Caleta ENG"]
[Date "2019.01.31"]
[Round "10"]
[White "Vitiugov, Nikita"]
[Black "Vaibhav, Suri"]
[Result "1-0"]
[WhiteElo "2720"]
[BlackElo "2590"]
[PlyCount "81"]
[EventDate "2019.01.22"]

1. e4 c6 2. d4 d5 3. e5 c5 4. dxc5 e6 5. Nf3 Bxc5 6. Bd3 Ne7 7. a3 Ng6 8. O-O
Nc6 9. b4 Bb6 10. Re1 a5 11. Bxg6 fxg6 12. b5 Ne7 13. a4 O-O 14. Be3 Bd7 15.
Nbd2 Rc8 16. Ra3 Bxe3 17. Raxe3 g5 18. h3 h6 19. Rd3 Be8 20. Nd4 Qb6 21. c3 Bg6
22. Rde3 Rc7 23. h4 Rxc3 24. Rxc3 Qxd4 25. Rf3 Nf5 26. hxg5 hxg5 27. Nb3 Qxa4
28. Qd2 g4 29. Qf4 Qxb5 30. Qxg4 Qe8 31. Rh3 b6 32. Rc1 Qf7 33. Nd2 b5 34. Nf3
Nh6 35. Qd4 Be4 36. Qb6 Ng4 37. Rc7 Qf5 38. Qa7 Qg6 39. Rg3 d4 40. Nh2 Rxf2 41.
Nxg4 1-0

[Event "Gibraltar Masters 2019"]
[Site "Caleta ENG"]
[Date "2019.01.31"]
[Round "10"]
[White "Alekseenko, Kirill"]
[Black "Adams, Michael"]
[Result "1/2-1/2"]
[WhiteElo "2637"]
[BlackElo "2701"]
[PlyCount "167"]
[EventDate "2019.01.22"]

1. e4 e5 2. Nf3 Nc6 3. Bb5 Nf6 4. d3 Bc5 5. Bxc6 dxc6 6. Nbd2 Nd7 7. Nc4 f6 8.
Qe2 Nf8 9. Be3 Bxe3 10. fxe3 Be6 11. O-O-O Bxc4 12. dxc4 Qe7 13. h4 h5 14. Nh2
Nd7 15. g4 O-O-O 16. Nf1 Qf7 17. Ng3 hxg4 18. h5 f5 19. Nxf5 Nf6 20. Rxd8+ Rxd8
21. b3 b6 22. Ng3 Kb7 23. Rf1 Qe6 24. Qf2 Rh8 25. Qf5 Qe7 26. Kb2 a5 27. a4 Qe8
28. Rh1 Qe7 29. Qg6 Qe8 30. Qg5 Rh7 31. Rd1 c5 32. Rh1 Kb8 33. Rf1 Nxh5 34.
Nxh5 Rxh5 35. Qxg7 Rh8 36. Qxg4 Rg8 37. Qh4 Qd7 38. Qh5 Qd2 39. Qxe5 Qxe3 40.
Rd1 Qh3 41. Qd5 Re8 42. Qc6 Qc8 43. Qg6 Re6 44. Qg4 Qh8+ 45. Kb1 Qe5 46. Re1
Rd6 47. Rf1 Rd4 48. Re1 Rd2 49. Qf3 Rd4 50. Qf5 Qg3 51. Rh1 Qe3 52. Rh8+ Ka7
53. Qe5 Qxe4 54. Qxc7+ Qb7 55. Qe5 Rd7 56. Re8 Qc7 57. Qe6 Qb7 58. Ka2 Qc7 59.
Qe3 Qb7 60. Re5 Qg2 61. Kb2 Qg7 62. Kc1 Qg2 63. Qe1 Qf3 64. Re7 Qf4+ 65. Kb1
Qd6 66. Rxd7+ Qxd7 67. Qe4 Qd6 68. Kc1 Kb8 69. Qd5 Qf4+ 70. Kd1 Kc7 71. Ke2
Qh2+ 72. Kd3 Qg3+ 73. Ke4 Qg4+ 74. Ke5 Qg5+ 75. Ke6 Qh6+ 76. Kf5 Qh5+ 77. Kf4
Qh2+ 78. Kg5 Qxc2 79. Qf7+ Kd6 80. Qf4+ Kc6 81. Qf3+ Kc7 82. Kf6 Qd2 83. Qf5
Qd4+ 84. Kf7 1/2-1/2

[Event "Gibraltar Masters 2019"]
[Site "Caleta ENG"]
[Date "2019.01.31"]
[Round "10"]
[White "Naiditsch, Arkadij"]
[Black "Anton Guijarro, David"]
[Result "0-1"]
[WhiteElo "2734"]
[BlackElo "2642"]
[PlyCount "54"]
[EventDate "2019.01.22"]

1. c4 e5 2. g3 c6 3. d4 e4 4. Nc3 Bb4 5. Qb3 a5 6. Bf4 d5 7. e3 Nf6 8. a3 Bxc3+
9. Qxc3 O-O 10. Ne2 h6 11. c5 Bg4 12. h3 Bf3 13. Rg1 Nh7 14. g4 Ng5 15. Ng3 Ne6
16. Bd6 Re8 17. Nf5 Nd7 18. h4 Kh7 19. Bh2 b6 20. cxb6 Qxb6 21. g5 hxg5 22.
hxg5 c5 23. dxc5 Ndxc5 24. Nd6 d4 25. exd4 Nxd4 26. Bc4 Nd3+ 27. Kf1 Ne2 0-1

[Event "Gibraltar Masters 2019"]
[Site "Caleta ENG"]
[Date "2019.01.31"]
[Round "10"]
[White "So, Wesley"]
[Black "Deac, Bogdan-Daniel"]
[Result "1-0"]
[WhiteElo "2765"]
[BlackElo "2603"]
[PlyCount "101"]
[EventDate "2019.01.22"]

1. c4 Nf6 2. d4 e6 3. Nc3 Bb4 4. e3 O-O 5. Bd3 d5 6. a3 Bxc3+ 7. bxc3 dxc4 8.
Bxc4 c5 9. Nf3 Qc7 10. Be2 b6 11. O-O Bb7 12. Bb2 Rd8 13. c4 cxd4 14. exd4 Nc6
15. Bd3 Ne7 16. Re1 Ng6 17. Ne5 Nf4 18. Bf1 Ng6 19. Bd3 Nf4 20. Bf1 Ng6 21.
Nxg6 hxg6 22. a4 Bc6 23. Ra3 Qf4 24. Qe2 Rac8 25. h3 Qd6 26. a5 Rb8 27. Re3 Qd7
28. Re5 Rdc8 29. h4 Re8 30. axb6 axb6 31. h5 Nxh5 32. Rxh5 gxh5 33. Qxh5 f5 34.
Re3 Qf7 35. Qh2 Qf6 36. Bc3 f4 37. Re5 Qg6 38. Rh5 Qe4 39. Rh8+ Kf7 40. Rh4 Kg8
41. Rh8+ Kf7 42. Rh4 Kg8 43. Rxf4 Qc2 44. Qg3 Rb7 45. Rg4 Ree7 46. Bd3 Qc1+ 47.
Kh2 Be8 48. d5 exd5 49. Qh3 Re4 50. Bxe4 dxe4 51. Rh4 1-0

[Event "Gibraltar Masters 2019"]
[Site "Caleta ENG"]
[Date "2019.01.31"]
[Round "10"]
[White "Le, Quang Liem"]
[Black "Santos Latasa, Jaime"]
[Result "1-0"]
[WhiteElo "2714"]
[BlackElo "2581"]
[PlyCount "81"]
[EventDate "2019.01.22"]

1. e4 e5 2. Nf3 Nc6 3. Bb5 a6 4. Ba4 Nf6 5. O-O Be7 6. d3 b5 7. Bb3 d6 8. a4
Bd7 9. c3 O-O 10. Bc2 Re8 11. Re1 h6 12. Nbd2 Bf8 13. h3 b4 14. d4 bxc3 15.
bxc3 exd4 16. cxd4 Nb4 17. Bb1 c5 18. d5 a5 19. Nc4 Bc8 20. Ra3 Ba6 21. Nfd2 g6
22. Bb2 Bg7 23. Rae3 Ra7 24. Qf3 Nh7 25. Bxg7 Kxg7 26. Qg3 Rd7 27. e5 dxe5 28.
Nxe5 Rd6 29. Nec4 Rxe3 30. Nxe3 Bc8 31. Ne4 Rb6 32. Nc4 Ra6 33. Nxc5 Ra7 34. d6
Nf6 35. Rd1 Na6 36. Qe5 Nxc5 37. Qxc5 Ra6 38. Ne5 Nd7 39. Qc3 Nf6 40. d7 Bb7
41. Ba2 1-0

[Event "Gibraltar Masters 2019"]
[Site "Caleta ENG"]
[Date "2019.01.31"]
[Round "10"]
[White "Mamedov, Rauf"]
[Black "Muzychuk, Anna"]
[Result "1-0"]
[WhiteElo "2703"]
[BlackElo "2569"]
[PlyCount "65"]
[EventDate "2019.01.22"]

1. e4 e5 2. Nf3 Nc6 3. Bc4 Bc5 4. c3 Nf6 5. d3 d6 6. O-O h6 7. Re1 O-O 8. Nbd2
a5 9. Nf1 Ba7 10. Ng3 Ne7 11. d4 Ng6 12. h3 c6 13. Bf1 Re8 14. Qc2 Qc7 15. Be3
Bd7 16. Rad1 a4 17. Qc1 Kh7 18. Bd3 c5 19. dxe5 dxe5 20. Bc4 Be6 21. Bb5 Reb8
22. c4 Bb6 23. a3 Ba5 24. Rf1 Bd7 25. Bxd7 Nxd7 26. Nf5 Nf4 27. Bxf4 exf4 28.
Rd6 Nf8 29. Qxf4 Ng6 30. Qg4 Ra6 31. Rd5 Re8 32. e5 f6 33. Rfd1 1-0

[Event "Gibraltar Masters 2019"]
[Site "Caleta ENG"]
[Date "2019.01.31"]
[Round "10"]
[White "Matlakov, Maxim"]
[Black "Puranik, Abhimanyu"]
[Result "1-0"]
[WhiteElo "2700"]
[BlackElo "2536"]
[PlyCount "55"]
[EventDate "2019.01.22"]

1. e4 e5 2. Nf3 Nc6 3. d4 exd4 4. Nxd4 Bc5 5. Nb3 Bb6 6. Nc3 Nf6 7. Bg5 h6 8.
Bh4 d6 9. f3 g5 10. Bg3 Be6 11. Bb5 Bd7 12. Qd2 Na5 13. O-O-O Nxb3+ 14. axb3
Nh5 15. Bf2 Bxb5 16. Nxb5 Qd7 17. Qc3 O-O 18. Nd4 Nf4 19. Rd2 Bxd4 20. Bxd4 Qc6
21. Qe3 Rae8 22. h4 Qa6 23. Kb1 Nd5 24. Qf2 Nb4 25. Rdd1 f5 26. hxg5 fxe4 27.
Rxh6 e3 28. Rg6+ 1-0

[Event "Gibraltar Masters 2019"]
[Site "Caleta ENG"]
[Date "2019.01.31"]
[Round "10"]
[White "Cuenca Jimenez, Jose Fernando"]
[Black "Ivanchuk, Vassily"]
[Result "1/2-1/2"]
[WhiteElo "2512"]
[BlackElo "2713"]
[PlyCount "60"]
[EventDate "2019.01.22"]

1. d4 e6 2. c4 Bb4+ 3. Bd2 a5 4. a3 Bxd2+ 5. Qxd2 d6 6. Nf3 Nf6 7. Nc3 Nc6 8.
Rd1 O-O 9. e4 Qe7 10. Be2 e5 11. dxe5 Nxe5 12. Nxe5 Qxe5 13. Qd4 Be6 14. O-O
Rfe8 15. f4 Qxd4+ 16. Rxd4 Bg4 17. Bxg4 Nxg4 18. Re1 Kf8 19. Nd5 Rac8 20. h3
Nf6 21. Nxf6 gxf6 22. Rd5 b6 23. Kf2 Re6 24. g4 Rce8 25. Kf3 h6 26. b3 Kg7 27.
Re3 Kf8 28. Re1 Kg7 29. Re3 Kf8 30. Re1 Kg7 1/2-1/2

[Event "Bundesliga 2018-19"]
[Site "Dusseldorf GER"]
[Date "2019.02.02"]
[Round "7"]
[White "Piorun, Kacper"]
[Black "Harikrishna, Pentala"]
[Result "1/2-1/2"]
[WhiteElo "2634"]
[BlackElo "2729"]
[PlyCount "67"]
[EventDate "2018.11.24"]
[EventType "team"]
[WhiteTeam "SF Berlin 1903"]
[BlackTeam "SG Solingen"]

1. e4 e5 2. Nf3 Nc6 3. Bb5 Nf6 4. O-O Nxe4 5. Re1 Nd6 6. Nxe5 Be7 7. Bf1 Nxe5
8. Rxe5 O-O 9. d4 Bf6 10. Re1 Re8 11. Rxe8+ Nxe8 12. d5 d6 13. Nd2 c6 14. Ne4
Be5 15. g3 cxd5 16. Qxd5 Nc7 17. Qd1 d5 18. Nc5 Qe7 19. Nd3 Bf6 20. Qf3 g6 21.
Bh6 Bf5 22. Re1 Be4 23. Qd1 Ne6 24. Bg2 Bxg2 25. Kxg2 Rc8 26. h4 Qd8 27. h5 Nd4
28. hxg6 hxg6 29. Nf4 Nf5 30. Nxd5 Bxb2 31. Ne7+ Nxe7 32. Qxd8+ Rxd8 33. Rxe7
b5 34. Rxa7 1/2-1/2

[Event "Bundesliga 2018-19"]
[Site "Aachen GER"]
[Date "2019.02.03"]
[Round "8"]
[White "Schroeder, Jan-Christian"]
[Black "Rapport, Richard"]
[Result "0-1"]
[WhiteElo "2571"]
[BlackElo "2726"]
[PlyCount "88"]
[EventDate "2018.11.24"]
[EventType "team"]
[WhiteTeam "SV 1920 Hofheim"]
[BlackTeam "OSG Baden-Baden"]

1. e4 c5 2. Nf3 e6 3. d4 cxd4 4. Nxd4 Nc6 5. Nc3 Qc7 6. Be3 a6 7. Be2 b5 8.
Nxc6 Qxc6 9. a3 Bb7 10. Qd2 Be7 11. O-O Bf6 12. Bd4 Qd6 13. Rfd1 Qxd4 14. Qxd4
Bxd4 15. Rxd4 Ne7 16. Rad1 Bc6 17. f3 f5 18. e5 g5 19. a4 Rb8 20. axb5 axb5 21.
Bxb5 Bxb5 22. Rb4 Nc6 23. Rxb5 Ke7 24. b3 Rxb5 25. Nxb5 Nxe5 26. Ra1 h5 27. Nd4
h4 28. h3 Rc8 29. Kf2 Ng6 30. Ra5 Nf4 31. Ra7 Rc3 32. Ra8 Kf6 33. Ra2 g4 34.
hxg4 fxg4 35. fxg4 Rg3 36. Ra8 Rxg2+ 37. Kf3 e5 38. Nf5 h3 39. Ne3 Rd2 40. Rh8
d5 41. c4 d4 42. Nf5 h2 43. Ng3 Kg7 44. Rh4 d3 0-1

[Event "Bundesliga 2018-19"]
[Site "Aachen GER"]
[Date "2019.02.03"]
[Round "8"]
[White "Naiditsch, Arkadij"]
[Black "Perske, Thore"]
[Result "1-0"]
[WhiteElo "2736"]
[BlackElo "2448"]
[PlyCount "61"]
[EventDate "2018.11.24"]
[EventType "team"]
[WhiteTeam "OSG Baden-Baden"]
[BlackTeam "SV 1920 Hofheim"]

1. d4 Nf6 2. Bf4 g6 3. Nc3 Bg7 4. e4 d5 5. e5 Ne4 6. Nxe4 dxe4 7. Qd2 c5 8.
Bb5+ Bd7 9. Bxd7+ Qxd7 10. d5 e6 11. O-O-O exd5 12. Qxd5 Qxd5 13. Rxd5 Na6 14.
Ne2 b6 15. Nc3 Nc7 16. Rd6 Ne6 17. Bg3 h5 18. h4 Bf8 19. Rdd1 Bh6+ 20. Kb1 e3
21. fxe3 Bxe3 22. Nd5 Bh6 23. Nf6+ Kf8 24. Rd7 Kg7 25. Rf1 Rhd8 26. Re7 Nd4 27.
Nd7 Nf5 28. e6 Rxd7 29. Be5+ Kf8 30. Rxd7 fxe6 31. Rh7 1-0

[Event "Bundesliga 2018-19"]
[Site "Dusseldorf GER"]
[Date "2019.02.03"]
[Round "8"]
[White "Harikrishna, Pentala"]
[Black "Eljanov, Pavel"]
[Result "1/2-1/2"]
[WhiteElo "2729"]
[BlackElo "2676"]
[PlyCount "92"]
[EventDate "2018.11.24"]
[EventType "team"]
[WhiteTeam "SG Solingen"]
[BlackTeam "USV TU Dresden"]

1. e4 e5 2. Nf3 Nc6 3. Bb5 Nf6 4. O-O Nxe4 5. Re1 Nd6 6. Nxe5 Be7 7. Bf1 Nxe5
8. Rxe5 O-O 9. d4 Ne8 10. d5 Bc5 11. Re1 d6 12. Nc3 Bf5 13. Bd3 Qf6 14. Be3 Qg6
15. Bxf5 Qxf5 16. Bxc5 dxc5 17. Ne4 b6 18. c4 Nf6 19. Nxf6+ Qxf6 20. Qe2 Qd8
21. Qc2 Re8 22. Re4 Rxe4 23. Qxe4 Qe8 24. Qf4 Qe7 25. a4 Re8 26. h3 g5 27. Qg3
Qe5 28. Qxe5 Rxe5 29. a5 Re2 30. axb6 axb6 31. b3 Rb2 32. Ra7 Rb1+ 33. Kh2 Rxb3
34. Rxc7 Kg7 35. Rc6 h5 36. g3 Rb4 37. Kg2 Rxc4 38. Rxb6 Rd4 39. Rd6 g4 40.
hxg4 hxg4 41. Rd7 Kf6 42. Kf1 Ke5 43. Rxf7 Kxd5 44. f3 gxf3 45. Rxf3 c4 46.
Rf5+ Ke4 1/2-1/2